| 000 | 01286nam a2200241Ii 4500 | ||
|---|---|---|---|
| 003 | JO-AjNU | ||
| 005 | 20240629142627.0 | ||
| 008 | 230605s9999||||xx |||||||||||||| ||und|| | ||
| 040 |
_aJO-AjNU _bara _erda _cJO-AjNU |
||
| 041 | _aara | ||
| 050 | 1 | 4 | _aK3412 2019 |
| 100 |
_aالمومني، عامر علي ابراهيم _eمعد _965831 |
||
| 245 | 0 | 0 |
_aمدى مشروعية القرارات الإدارية الصادرة عن الموظف الفعلي في النظام القانوني الأردني: دراسة مقارنة = The extent of administrative decisions issued by the actual employee in the Jordanian legal system the extent of administrative: A comparative study _c/ اعداد عامر علي ابراهيم المومني ؛ اشراف منتصر احمد مفلح القضاة |
| 264 | 3 | 1 | _a2019 |
| 300 | _a178 ورقة | ||
| 336 |
_atext _btxt _2rdacontent |
||
| 337 |
_aunmediated _bn _2rdamedia |
||
| 338 |
_avolume _bnc _2rdacarrier |
||
| 500 | _aرسالة جامعية ( اطروحة ماجستير) جامعة عجلون الوطنية: كلية الحقوق، 2019 | ||
| 650 | 4 |
_aالقرارات الادارية- الموظف- القانون-الاردن _959309 |
|
| 700 |
_aالقضاة، منتصر احمد _965269 _eمشرف |
||
| 942 |
_2lcc _cTHS |
||
| 999 |
_c30250 _d30250 |
||